Joueurs vainqueurs des RLCS - Statistiques

Statistiques générales
  • Ce quiz a été pris 76 fois
    20 depuis la dernière actualisation
  • Le résultat moyen est 13 sur 29
Statistiques - réponses
Saison Joueur % Correct
S4,S5,S7 Kaydop
94%
S22-23 Radosin
88%
S22-23 Zen
88%
S22-23 Alpha54
76%
S21-22,S24 M0nkey M00n
76%
S25 BeastMode
71%
S25 Daniel
71%
S24 dralii
71%
S24 ExoTiiK
71%
S3,S4,S5,S8 Turbopolsa
71%
S7 Fairy Peak
65%
S21-22 Seikoo
65%
S25 Atomic
59%
S8 jstn
59%
S21-22 Extra
53%
S6 Squishy
41%
S7 Scrub Killa
35%
S8 GarretG
29%
S2 kuxir97
29%
S3 Deevo
24%
S4,S5 Violentpanda
24%
S1 0ver zer0
18%
S1 Kronovi
18%
S1 Lachinio
18%
S2 Markydooda
12%
S6 Gimmick
6%
S2 gReazymeister
6%
S6 Torment
6%
S3 remkoe
0%
Aucun quiz correspondant
Distribution des résultats
% des personnes avec chaque résultat
Percentile par nombre de réponses
Votre historique - résultats
Vous n’avez pas pris ce quiz depuis la dernière actualisation